Mapa Afryki Quiz - Statystyki

Ogólne statystyki
  • Ten quiz został rozwiązany 2 289 razy
  • Średni wynik to 26 z 54
Odpowiedzi na mapie
Odpowiedzi zakodowano w zielono-czerwonej skali na mapie do tego quizu, zgodnie z poniższymi procentami.
 
Statystyki odpowiedzi
Odpowiedź % Poprawnych
Algieria
83%
Egipt
83%
Maroko
79%
Tunezja
71%
Libia
70%
Madagaskar
70%
Republika Południowej Afryki
70%
Sudan
66%
Demokratyczna Republika Konga
65%
Czad
64%
Somalia
61%
Sudan Południowy
61%
Etiopia
58%
Niger
58%
Republika Środkowoafrykańska
55%
Angola
54%
Erytrea
53%
Nigeria
53%
Lesotho
52%
Kenia
51%
Dżibuti
48%
Kongo
48%
Mozambik
47%
Tanzania
47%
Mali
46%
Wyspy Świętego Tomasza i Książęca
46%
Mauretania
44%
Namibia
44%
Senegal
44%
Uganda
44%
Botswana
43%
Eswatini
43%
Wybrzeże Kości Słoniowej
43%
Republika Zielonego Przylądka
42%
Togo
42%
Kamerun
41%
Rwanda
41%
Gwinea Równikowa
40%
Malawi
39%
Seszele
39%
Zimbabwe
39%
Zambia
38%
Benin
37%
Burkina Faso
36%
Gabon
36%
Mauritius
36%
Komory
35%
Burundi
34%
Ghana
34%
Sierra Leone
34%
Gwinea-Bissau
33%
Gambia
32%
Gwinea
32%
Liberia
31%
Nie znaleziono quizów pasujących do podanych kryteriów
Rozkład punktacji
Procent ludzi z każdym wynikiem
Percentyl według liczby udzielonych odpowiedzi
Twoja historia wyników
Nie rozwiązałeś tego quizu